000 00287nam a22001337a 4500
008 181218b xxu||||| |||| 00| 0 eng d
020 _a0155814222
041 _aeng
080 _a316
100 _a50
101 _aSOC
245 _aSocial Development
_cMaccoby, E.E
942 _2udc
_cBK
999 _c53442
_d53442